NBA Top 10 Worst Career Ending All-Time - Statistics

General Stats
  • This quiz has been taken 170 times
  • The average score is 5 of 13
Answer Stats
Player Quick explanation % Correct
Karl Malone After 18 years with the Jazz he went for his last season with the Shaq, Kobe and Payton's Lakers to get a ring but lose in finals
57%
Hakeem Olajuwon Is traded by the Rockets to the Raptors against draft picks. Same case than Ewing, traded when he was the best player of the franchise's history
52%
Patrick Ewing The Knicks traded him to Seattle, then plays for Orlando. He should never have been traded by the Knicks
50%
Allen Iverson With the Pistons, doesn't want ot be on the bench, Grizzlies bad experience and justice/life problems and end his career with Besiktas
47%
Isiah Thomas Last season with the Pistons who are tanking (20 wins) and he tores his Achilles tendon forcing him to retire
46%
Elgin Baylor After 8 finals lost, he begins the 1971-72 season with the Lakers but is injured and stopped his career after 9 games. The game after that the Lakers start a 33 consecutive wins (record) and get the title without him. Black cat
38%
Steve Nash He went to the Lakers with Kobe, Pau Gasol and Dwight Howard, but injuries, doesn't get along with Kobe and Dwight...
38%
Carmelo Anthony After the Knicks he made his worst season with the Thunder, then he is traded to the Hawks who cut him. Finally to the Rockets, he is traded the Bulls who also cut him. (After that he went to the Blazers where the experience has been positive for now)
36%
Paul Pierce Is traded from the Celtics to the Nets where he is quite good, same for the Wizards. The last 2 seasons to the Clippers are horrible especially the last one and nobody really talks about his last season
32%
Chris Bosh Problems of blood clotting ended his career at 32 yo
29%
Gilbert Arenas Injuries + bad behavior (guns in the locker-room...) = trade to Orlando, the cut, played for Memphis and then in China
26%
Baron Davis Last season with the Knicks, he starts the playoffs replacing Jeremy Lin (injured) and he injured his right knee and his last image of him on a court is on a stretcher
11%
Lamar Odom Personnal problems at the en dof his career, arrested for DUI, found unconscious in a brothel...
9%
No matching quizzes found
Score Distribution
Percent of People with Each Score
Percentile by Number Answered
Your Score History
You have not taken this quiz